000
00277nam a22001097a 4500
082
_a
355.95491 RIZ'P
100
_a
RIZA, SHAUKAT MAJ GENERAL
_9
79907
245
_a
THE PAKISTAN ARMY 1047-1949
260
_a
RAWALPINDI
_b
ARMY EDUCATION PRESS
_c
1989
300
_a
333P
942
_c
BK
999
_c
584888
_d
584888